00546nam a22001937a 450000500170000001000130001702000220003003500130005203700160006504000120008108200110009310000200010424500540012426000360017827000430021430000210025765000490027865000250032720170124110123.0 aA-688479 c00.00a0863113451 aA-688479 bCen Lib/Ret aDPLbEN aSbKAN aKannan, Lakshmi aIndia Gate and other stories /cby Lakshmi Kannan aNew DelhibOrient Longmanc1993 bNew Delhia1/24, Asaf Ali Roade110002 a159p. c22cm(Hb) aKannan, Lakshmi -- Translations into English aShort stories, Tamil